| 000 | 01061nam a22003257a 4500 | ||
|---|---|---|---|
| 003 | CHAP | ||
| 005 | 20220817044436.0 | ||
| 008 | 110429s1983 us a r 00010 eng d | ||
| 010 | _a101093 | ||
| 011 | _a102065 | ||
| 020 | _a0877012792 | ||
| 035 | _a112753 | ||
| 040 | _cCHAP | ||
| 082 | 0 | 4 |
_a585.209794 _bW37 |
| 100 | 1 |
_aWeaver, Harriete _9121253 |
|
| 245 | 1 | 0 |
_aRedwood country _ba guide through California<U+2019>s magnificent redwood forests _c/por Harriett E. Weaver |
| 260 |
_aSan Francisco, CA. : _bChronicle Books, _c1983 |
||
| 300 |
_a132 p. : _bilus. |
||
| 590 |
_aBATCH-UPD _b10 _c20130110 _lUCH01 _h1744 |
||
| 590 |
_aBATCH-UPD _b10 _c20130410 _lUCH01 _h1123 |
||
| 590 |
_aBATCH-UPD _b10 _c20130914 _lUCH01 _h0724 |
||
| 590 |
_aCONVERSION _b10 _c20130109 _lUCH01 _h1356 |
||
| 650 | 1 | 4 |
_aBosques _xCalifornia. _914100 |
| 650 | 1 | 4 | _aConÃferas. |
| 650 | 1 | 4 |
_aParques nacionales _xE.U.A. _985707 |
| 650 | 1 | 4 |
_aSequoiadendron. _9104510 |
| 901 | _aBK | ||
| 942 | _cLIBRO | ||
| 949 |
_a585.209794 W37 _bBC _cLIBRO _d33724002254413 _eLIBRO _h114818 _i112753 _sb |
||
| 999 |
_c101093 _d101093 |
||